Sergio Barrera (Record no. 15429)

MARC details
000 - LÍDER
campo de control de longitud fija 00996nam a2200205Ia 4500
008 - ELEMENTOS DE DATOS DE LONGITUD FIJA - INFORMACIÓN GENERAL
campo de control de longitud fija 0000001999 sp a 0000000000mul00
090 ## - NÚMERO DE LLAMADA DE TIPO LC LOCALMENTE ASIGNADO (OCLC)
Número de clasificación (OCLC) (R) PSP00 B17s
100 1# - ENTRADA PRINCIPAL - NOMBRE PERSONAL
Nombre de la persona Barrera, Sergio
Fechas asociadas a un nombre 1967
245 10 - TÍTULO DECLARACIÓN
Título Sergio Barrera
Resto del título : constelaciones (deseo y espejismo)
Declaración de responsabilidad / textos Sergio Barrera, David Pérez ; traducción Tony Wentzel ;fotografías Mateo Gamón
260 ## - PUBLICACIÓN, DISTRIBUCIÓN
Lugar de publicación Valencia (España) : Galería Luis Adelantado
Fecha de publicación 1999
300 ## - DESCRIPCIÓN FÍSICA
Alcance 87 p.
Dimensiones / 28 cm.
500 ## - NOTA GENERAL
Nota general Exposición realizada en Galería Luis Adelantado de Valencia, España, en febrero y marzo de 1999 \ Incluye datos biográficos y cronología artística \ Texto en español e inglés \ Donación Galería Nueve Ochenta, Bogotá 2014
600 00 - ENTRADA DE SUJETO AÑADIDO - NOMBRE PERSONAL
Nombre de la persona BARRERA, SERGIO, 1967/
Subdivisión general TRABAJOS PICTORICOS
650 14 - ENTRADA DE SUJETO AÑADIDO - TÉRMINO TÓPICO
Término tópico o elemento de entrada del nombre geográfico ARTE CONTEMPORANEO ESPAÑOL
650 14 - ENTRADA DE SUJETO AÑADIDO - TÉRMINO TÓPICO
Término tópico o elemento de entrada del nombre geográfico ARTISTAS PLASTICOS ESPAÑOLES EXPOSIONES
650 14 - ENTRADA DE SUJETO AÑADIDO - TÉRMINO TÓPICO
Subdivisión general CATALOGOS
650 14 - ENTRADA DE SUJETO AÑADIDO - TÉRMINO TÓPICO
Subdivisión general EXPOSICIONES
650 14 - ENTRADA DE SUJETO AÑADIDO - TÉRMINO TÓPICO
Término tópico o elemento de entrada del nombre geográfico PINTORES ESPAÑOLES
650 14 - ENTRADA DE SUJETO AÑADIDO - TÉRMINO TÓPICO
Término tópico o elemento de entrada del nombre geográfico PINTURA ESPAÑOLA
Holdings
Estado de retirada Pérdida de estatus Estado dañado No para préstamo Código de recogida Ubicación permanente Ubicación actual Ubicación de las estanterías Fecha de adquisición Número de llamada completo Código de barras Fecha de la última vez que se vio Número de copia Precio efectivo desde Tipo de artículo Koha
        General ArtNexus ArtNexus General 06/09/2022 P-SP-00 B17S 15803 06/09/2022 Ej.1 06/09/2022 Libro

Powered by Koha